• 首页
  • 本馆介绍
  • 公告通知
  • 最新文献
  • 馆藏检索
  • 电子资源
  • 读者导购
  • 参考咨询
  • 我的图书馆
  • 登录
  • 详细信息显示
  • 放入我的书架
  • 预约/预借图书
  • 作者相关作品
  • 分类相关作品
  • 丛书相关作品
  • 出版社相关作品

书目信息

  • 表格格式
  • 工作单格式
  • 卡片格式
题名:
怎样编制建筑工程资料
    
 
作者: 汪永涛 主编
分册:  
出版信息: 北京   中国建材工业出版社  2014.09
页数: 292页
开本: 26cm
丛书名: 怎样编制建设工程资料系列丛书
单 册:
中图分类: G275.3
科图分类:
主题词: 建筑工程--jian zhu gong cheng--技术档案--档案管理--编制 , 建筑工程--jian zhu gong cheng , 技术档案--ji shu dang an , 档案管理--dang an guan li , 编制--bian zhi
电子资源:
ISBN: 978-7-5160-0826-3
000 01359nam 2200301 450
001 0109110056
005 20201109110334.0
010    @a978-7-5160-0826-3@dCNY53.00
100    @a20141204e20202014em y0chiy50 ea
101 0  @achi
102    @aCN@b110000
105    @ay z 000yy
106    @ar
200 1  @a怎样编制建筑工程资料@Azen yang bian zhi jian zhu gong cheng zi liao@f汪永涛主编
210    @a北京@c中国建材工业出版社@d2014.09@h2020.03
215    @a292页@d26cm
225 2  @a怎样编制建设工程资料系列丛书@Azen yang bian zhi jian she gong cheng zi liao xi lie cong shu
330    @a本书详细阐述了建筑工程资料编制与管理方法。全书主要内容包括工程资料管理、建筑工程通用资料编制、地基与基础工程资料编制、主体结构工程资料编制、机电安装工程资料编制、建筑工程监理资料、建筑工程竣工资料编制等。为更好地说明建筑工程资料编制与整理过程,书中对大量的资料表格进行了示范性的填写,并对应该如何填写进行了说明,以方便工程技术资料编制人员直接查用。
461  0 @12001 @a怎样编制建设工程资料系列丛书
606 0  @a建筑工程@Ajian zhu gong cheng@x技术档案@x档案管理@x编制
606 0  @a建筑工程@Ajian zhu gong cheng
606 0  @a技术档案@Aji shu dang an
606 0  @a档案管理@Adang an guan li
606 0  @a编制@Abian zhi
690    @aG275.3@v5
701  0 @a汪永涛@Awang yong tao@4主编
801  0 @aCN@bBJSZM@c20201103
905    @b1265966-70@dG275.3@e111@f5
    
    怎样编制建筑工程资料/汪永涛主编.-北京:中国建材工业出版社,2014.09(2020.03)
    292页;26cm.-(怎样编制建设工程资料系列丛书)
    
    
    ISBN 978-7-5160-0826-3:CNY53.00
    本书详细阐述了建筑工程资料编制与管理方法。全书主要内容包括工程资料管理、建筑工程通用资料编制、地基与基础工程资料编制、主体结构工程资料编制、机电安装工程资料编制、建筑工程监理资料、建筑工程竣工资料编制等。为更好地说明建筑工程资料编制与整理过程,书中对大量的资料表格进行了示范性的填写,并对应该如何填写进行了说明,以方便工程技术资料编制人员直接查用。
●
相关链接 在E读中查询图书 在五车中查询图书 在当当中查询图书 在豆瓣中查询图书


正题名:怎样编制建筑工程资料     索取号:G275.3/111         预约/预借

序号 登录号 条形码 馆藏地/架位号 状态 备注
1 1265966   212659666   第一样本阅览室/ [索取号:G275.3/111] 在馆    
2 1265967   212659675   教育系资料室/ [索取号:G275.3/111] 在馆    
3 1265968   212659684   教育系资料室/ [索取号:G275.3/111] 在馆    
4 1265969   212659693   第四借阅区/ [索取号:G275.3/111] 在馆    
5 1265970   212659700   第四借阅区/ [索取号:G275.3/111] 在馆    
唐山师范学院图书馆 欢迎您!
大连网信软件有限公司© 版权所有